<?xml version="1.0" encoding="UTF-8"?><?xml-stylesheet type="text/xsl" href="static/style.xsl"?><OAI-PMH xmlns="http://www.openarchives.org/OAI/2.0/" xmlns:xsi="http://www.w3.org/2001/XMLSchema-instance" xsi:schemaLocation="http://www.openarchives.org/OAI/2.0/ http://www.openarchives.org/OAI/2.0/OAI-PMH.xsd"><responseDate>2026-06-29T02:38:39Z</responseDate><request verb="GetRecord" identifier="oai:docta.ucm.es:20.500.14352/102132" metadataPrefix="marc">https://docta.ucm.es/rest/oai/request</request><GetRecord><record><header><identifier>oai:docta.ucm.es:20.500.14352/102132</identifier><datestamp>2025-03-18T14:24:17Z</datestamp><setSpec>com_20.500.14352_14</setSpec><setSpec>col_20.500.14352_15</setSpec></header><metadata><record xmlns="http://www.loc.gov/MARC21/slim" xmlns:dcterms="http://purl.org/dc/terms/" xmlns:xsi="http://www.w3.org/2001/XMLSchema-instance" xmlns:doc="http://www.lyncode.com/xoai" xsi:schemaLocation="http://www.loc.gov/MARC21/slim http://www.loc.gov/standards/marcxml/schema/MARC21slim.xsd">
   <leader>00925njm 22002777a 4500</leader>
   <datafield ind2=" " ind1=" " tag="042">
      <subfield code="a">dc</subfield>
   </datafield>
   <datafield ind2=" " ind1=" " tag="720">
      <subfield code="a">Rubio Valdehita, Susana</subfield>
      <subfield code="e">author</subfield>
   </datafield>
   <datafield ind2=" " ind1=" " tag="720">
      <subfield code="a">Luceño Moreno, María Lourdes</subfield>
      <subfield code="e">author</subfield>
   </datafield>
   <datafield ind2=" " ind1=" " tag="720">
      <subfield code="a">Martín García, Jesús</subfield>
      <subfield code="e">author</subfield>
   </datafield>
   <datafield ind2=" " ind1=" " tag="720">
      <subfield code="a">Jaén Díaz, Marian</subfield>
      <subfield code="e">author</subfield>
   </datafield>
   <datafield ind2=" " ind1=" " tag="260">
      <subfield code="c">2007</subfield>
   </datafield>
   <datafield ind2=" " ind1=" " tag="520">
      <subfield code="a">Este  artículo  representa  una  revisión teórica  sobre  los  principales  modelos  y procedimientos  de  evaluación  de  la carga  mental  de  trabajo.  Comenzamos definiendo  el  término  carga  mental  de trabajo siguiendo una concepción multidimensional,  según  la  cual  existen diferentes fuentes causantes de la carga mental.  Estas  fuentes  proceden  principalmente  de  tres  tipos  de  factores:  los aspectos  temporales  de  la  tarea,  sus demandas cognitivas y los sentimientos o actitudes que genera la realización dela misma en los trabajadores. A continuación, se exponen los diferentes modelos teóricos que se han aplica-do  a  lo  largo  del  tiempo  para  describir el fenómeno de la carga mental de trabajo: los modelos de filtro y los modelos del  recurso.  Finalmente,  se  describen los   principales   métodos   empleados para  la  evaluación  de  la  carga  mental de trabajo: medidas basadas en el rendimiento,  procedimientos  subjetivos  e indicadores  fisiológicos,  así  como  las principales  ventajas  e  inconvenientes que  se  presentan  de  cara  a  la  evaluación  de  la  carga  mental  en  contextos aplicados</subfield>
   </datafield>
   <datafield ind1="8" ind2=" " tag="024">
      <subfield code="a">1579-0207</subfield>
   </datafield>
   <datafield ind1="8" ind2=" " tag="024">
      <subfield code="a">10.57087/edupsykhe.v6i1.3792</subfield>
   </datafield>
   <datafield ind1="8" ind2=" " tag="024">
      <subfield code="a">https://hdl.handle.net/20.500.14352/102132</subfield>
   </datafield>
   <datafield ind1="8" ind2=" " tag="024">
      <subfield code="a">https://journals.ucjc.edu/EDU/article/view/3792/2738</subfield>
   </datafield>
   <datafield ind2="0" ind1="0" tag="245">
      <subfield code="a">Modelos y procedimientos de evaluación de la carga mental de trabajo</subfield>
   </datafield>
</record></metadata></record></GetRecord></OAI-PMH>